[Event "Titled Tue 17th Jun Early"]
[Site "chess.com INT"]
[Date "2025.06.17"]
[Round "2"]
[White "Jaiveer, Mahendru"]
[Black "Tang, Andrew"]
[Result "0-1"]
[WhiteTitle "FM"]
[BlackTitle "GM"]
[WhiteElo "2217"]
[BlackElo "2529"]
[WhiteFideId "25611151"]
[BlackFideId "2059630"]
[EventDate "2025.06.17"]

1. Nf3 d5 2. b3 c5 3. Bb2 Nc6 4. d4 Bg4 5. Nbd2 cxd4 6. Nxd4 Nxd4 7. Bxd4 f6 8.
f3 Bh5 9. e4 e5 10. Bb5+ Kf7 11. Bf2 a6 12. Bd3 d4 13. h4 Ke8 14. O-O Ne7 15. g4
Bf7 16. f4 Ng6 17. fxe5 Nxe5 18. Nf3 Nxg4 19. Bxd4 Qc7 20. Qe2 Bc5 21. Kh1 Bxd4
22. Nxd4 Qg3 23. Nf5 Qh3+ 24. Kg1 Ne5 25. Qg2 Qxg2+ 26. Kxg2 Kf8 27. Kf2 Be6 28.
Nd4 Ke7 29. Ke3 Rac8 30. Nxe6 Kxe6 31. c4 Rhd8 32. Be2 b5 33. cxb5 Rc3+ 34. Kf2
axb5 35. Rac1 Rh3 36. Rh1 Rxh1 37. Rxh1 Rd2 38. Ke3 Rxa2 39. Bxb5 Rb2 40. Bc4+
Nxc4+ 41. bxc4 Ke5 42. Kd3 Rb3+ 43. Kc2 Re3 44. h5 Rxe4 45. Kb3 Rg4 46. Kb4 f5
47. Kb5 Rg2 48. c5 Rb2+ 49. Kc6 f4 50. Rg1 Kf6 51. Kd7 Rd2+ 52. Kc7 g5 53. hxg6
hxg6 54. c6 g5 55. Kb7 Kf5 56. c7 Rb2+ 57. Ka7 Rc2 58. Kb7 g4 59. c8=Q+ Rxc8 60.
Kxc8 f3 61. Kd7 f2 62. Rf1 g3 63. Kd6 Ke4 0-1

[Event "Titled Tue 17th Jun Early"]
[Site "chess.com INT"]
[Date "2025.06.17"]
[Round "2"]
[White "Bacrot, Etienne"]
[Black "Venkatesh, Narayan"]
[Result "1-0"]
[WhiteTitle "GM"]
[BlackTitle "FM"]
[WhiteElo "2633"]
[BlackElo "2168"]
[WhiteFideId "605506"]
[BlackFideId "30987881"]
[EventDate "2025.06.17"]

1. e4 e6 2. d4 d5 3. Nd2 c5 4. Ngf3 cxd4 5. Nxd4 Nc6 6. Bb5 Bd7 7. Nxc6 bxc6 8.
Bd3 Bd6 9. Qe2 e5 10. c4 d4 11. O-O Qe7 12. Nf3 Nf6 13. Bg5 c5 14. Nh4 h6 15.
Bd2 O-O 16. Rae1 Rfe8 17. f3 a5 18. Nf5 Bxf5 19. exf5 a4 20. g4 e4 21. fxe4 Nd7
22. Qg2 Be5 23. g5 hxg5 24. Bxg5 Bf6 25. Bh6 Ne5 26. Bxg7 Bxg7 27. f6 Qf8 28.
Rd1 Re6 29. Kh1 Raa6 30. fxg7 Qxg7 31. Qh3 Rac6 32. Rg1 Rg6 33. Rxg6 Rxg6 34.
Qc8+ Kh7 35. Qf5 Kg8 36. Be2 Rg5 37. Qc8+ Kh7 38. Qh3+ Kg8 39. Rf1 f6 40. Bh5
Qh6 41. Qe6+ Kg7 42. Be2 Qg6 43. Qd5 Ng4 44. Qd7+ Kh6 45. Bxg4 Rxg4 46. Qf5 Rg5
47. Qh3+ Kg7 48. Qf3 Rg4 49. Qxg4 Qxg4 50. Rg1 Qxg1+ 51. Kxg1 Kg6 52. Kf2 Kg5
53. Kg3 d3 54. Kf3 d2 55. Ke2 Kf4 56. Kxd2 Kxe4 57. b3 axb3 58. axb3 f5 59. Ke2
f4 60. Kf2 f3 61. h4 Kf5 62. h5 Kg5 63. Kxf3 Kxh5 64. Ke4 Kg6 65. Kd5 Kf5 66.
Kxc5 Ke5 67. Kb5 Kd4 68. c5 Kc3 69. b4 Kb3 70. c6 Ka3 71. c7 Ka2 72. c8=Q Kb3
73. Qc4+ 1-0

[Event "Titled Tue 17th Jun Early"]
[Site "chess.com INT"]
[Date "2025.06.17"]
[Round "2"]
[White "Ng, Gary"]
[Black "Karas, Marek"]
[Result "1/2-1/2"]
[WhiteTitle "FM"]
[BlackTitle "FM"]
[WhiteElo "2234"]
[BlackElo "2215"]
[WhiteFideId "2604914"]
[BlackFideId "14928558"]
[EventDate "2025.06.17"]

1. d4 Nf6 2. Bf4 c6 3. e3 Qb6 4. Qc1 d6 5. c4 g6 6. Nc3 Bg7 7. h4 Nbd7 8. Nf3
O-O 9. Be2 Re8 10. O-O e5 11. Bh2 Ng4 12. Bg3 h5 13. Rd1 Nf8 14. Rb1 Bf5 15. e4
exd4 16. exf5 dxc3 17. bxc3 Qa5 18. Bd3 Qxc3 19. Qxc3 Bxc3 20. Rxb7 Be5 21. Nxe5
Nxe5 22. Bf1 Rad8 23. fxg6 Nfxg6 24. Rxa7 d5 25. cxd5 cxd5 26. Bb5 Re6 27. a4
Ng4 28. a5 d4 29. Bc4 Re7 30. Rxe7 Nxe7 31. a6 Nc6 32. Bc7 Rd7 33. Bb6 Nce5 34.
Bb5 Re7 35. a7 Rxa7 36. Bxa7 Ng6 37. Bxd4 Nxh4 38. f3 Nh6 39. Bf2 N4f5 40. Rd8+
Kg7 41. Bd4+ f6 42. Rd7+ Kg6 43. Bf2 Ng7 44. Bd3+ f5 45. Bd4 Ne8 46. Be3 Ng8 47.
Rd8 Ngf6 48. g4 hxg4 49. fxg4 Kf7 50. Bxf5 Ng7 51. Ra8 Nxf5 52. gxf5 Nd5 53.
Ra7+ Kf6 54. Bd4+ Kxf5 55. Kf2 Nf4 56. Be3 Nd5 57. Ra5 Ke4 58. Bd2 Nf6 59. Ke2
Nd5 60. Ra4+ Ke5 61. Kd3 Nf6 62. Ra5+ Ke6 63. Bc3 Nd5 64. Ra6+ Kf5 65. Ra5 Ke6
66. Kd4 Ne7 67. Bb4 Nc6+ 68. Kc5 Nxa5 1/2-1/2

[Event "Titled Tue 17th Jun Early"]
[Site "chess.com INT"]
[Date "2025.06.17"]
[Round "2"]
[White "Ndirangu, Nyaruai, Joyce"]
[Black "Hercegovac, Neven"]
[Result "0-1"]
[WhiteTitle "WCM"]
[BlackTitle "FM"]
[WhiteElo "1909"]
[BlackElo "2215"]
[WhiteFideId "10802886"]
[BlackFideId "2839135"]
[EventDate "2025.06.17"]

1. d4 Nf6 2. c4 e6 3. Nc3 Bb4 4. Bg5 h6 5. Bh4 b6 6. e3 Bb7 7. Bg3 Ne4 8. Qb3 a5
9. a3 Bxc3+ 10. bxc3 d6 11. Nf3 Nd7 12. Be2 O-O 13. O-O Nxg3 14. hxg3 Qe7 15. a4
e5 16. Rfe1 c5 17. Rab1 Rab8 18. Nh2 e4 19. d5 f5 20. Bf1 Ba6 21. f3 Ne5 22. f4
Nd7 23. Be2 Kf7 24. g4 Kg8 25. gxf5 Rxf5 26. Bg4 Rff8 27. Be6+ Kh8 28. g4 g5 29.
f5 Ne5 30. Re2 Bxc4 31. Qd1 Bxe2 32. Qxe2 c4 33. Nf1 h5 34. gxh5 g4 35. Qg2 Qh4
36. Qg3 Nf3+ 37. Kf2 Qxg3+ 38. Nxg3 Ng5 39. Rh1 Nxe6 40. dxe6 b5 41. axb5 Rxb5
42. Ra1 Rb2+ 43. Kg1 Ra8 44. f6 Kg8 45. h6 a4 46. f7+ Kf8 47. h7 Ke7 48. Nxe4 a3
49. Rxa3 Rh8 50. Ra7+ Kxe6 0-1

[Event "Titled Tue 17th Jun Early"]
[Site "chess.com INT"]
[Date "2025.06.17"]
[Round "2"]
[White "Deng, Henry"]
[Black "Drygalov, Andrey"]
[Result "0-1"]
[WhiteTitle "FM"]
[BlackTitle "GM"]
[WhiteElo "2327"]
[BlackElo "2431"]
[WhiteFideId "30965454"]
[BlackFideId "24171735"]
[EventDate "2025.06.17"]

1. e4 c5 2. Nf3 d6 3. Nc3 Nf6 4. Bb5+ Bd7 5. Bxd7+ Nbxd7 6. O-O e6 7. d4 cxd4 8.
Qxd4 a6 9. Bg5 Be7 10. Rad1 Qc7 11. a4 O-O 12. h3 Rac8 13. Rfe1 h6 14. Bh4 Ne5
15. Nxe5 dxe5 16. Qd3 Qb6 17. Bxf6 Bxf6 18. b3 Qc5 19. Re3 Rfd8 20. Qe2 Rd4 21.
Red3 Rcd8 22. Qe3 Bg5 23. Qe1 b5 24. axb5 axb5 25. Qe2 Rc8 26. g3 Bf6 27. Kg2 b4
28. Na4 Qxc2 29. Qf3 Qc6 30. Re1 Rcd8 31. Ree3 Bg5 32. Rxd4 Rxd4 33. Re2 Qd6 34.
Nb2 g6 35. h4 Be7 36. Nc4 Qc5 37. Ra2 Rd7 38. Ra5 Qc7 39. Nxe5 Bd8 40. Rb5 Rd4
41. Rc5 Qe7 42. Nc6 Qxc5 43. Nxd4 Qxd4 44. Qe2 Bb6 45. Qf3 h5 46. Kg1 Kg7 47.
Kg2 Qc3 48. Qd1 Qd4 49. Qf3 e5 50. Qe2 f5 51. exf5 gxf5 52. Kf1 Qe4 53. Qxh5 f4
54. Qg5+ Kf7 55. Qh5+ Ke7 56. Qg5+ Kd7 57. Qg7+ Kc6 58. Qf6+ Kb7 59. Qe7+ Ka6
60. gxf4 Qxf4 61. Ke2 Qxf2+ 62. Kd3 Qe3+ 63. Kc4 Qd4# 0-1

[Event "Titled Tue 17th Jun Early"]
[Site "chess.com INT"]
[Date "2025.06.17"]
[Round "2"]
[White "Flynn, Jacob"]
[Black "Huseynova, Dinara"]
[Result "1-0"]
[WhiteTitle "CM"]
[BlackTitle "WCM"]
[WhiteElo "2274"]
[BlackElo "1833"]
[WhiteFideId "2509393"]
[BlackFideId "13437313"]
[EventDate "2025.06.17"]

1. d4 Nf6 2. c4 e6 3. Nc3 Bb4 4. Nf3 Bxc3+ 5. bxc3 b6 6. Bg5 Bb7 7. Nd2 h6 8.
Bh4 d6 9. f3 Nbd7 10. e4 e5 11. Bd3 Qe7 12. Nf1 a5 13. Ne3 g6 14. Nd5 Bxd5 15.
cxd5 g5 16. Bf2 Nh5 17. Bb5 Nf4 18. g3 Ng6 19. Qa4 Rd8 20. O-O-O Qf6 21. Rhf1
Qxf3 22. Bg1 Qxc3+ 23. Kb1 Qb4+ 24. Qxb4 axb4 25. Rf5 Rf8 26. Rc1 Rc8 27. dxe5
Nxe5 28. Bxb6 c6 29. dxc6 Nxb6 30. Rf6 Ke7 31. Rxh6 Rc7 32. Rd1 Nxc6 33. Rhxd6
Rd8 34. e5 b3 35. Bxc6 bxa2+ 36. Kxa2 Rdc8 37. Be4 Ra7+ 38. Kb3 Rb8 39. Kc3 Rc7+
40. Kd4 Rbc8 41. Bd3 Ra8 42. Ke3 Ra5 43. Rxb6 Rxe5+ 44. Kf2 Ra7 45. Rb2 Rd7 46.
Re2 Kf6 47. Rxe5 Kxe5 48. Be2 Ra7 49. Bf3 f6 50. Rd5+ Ke6 51. Rd2 Ra3 52. Bg4+
Kf7 53. Bf5 Ra5 54. Rd7+ Ke8 55. Bh3 g4 56. Bxg4 f5 57. Rg7 fxg4 58. Rxg4 Kf7
59. Kg2 Ra2+ 60. Kh3 Ra6 61. Rh4 Kg6 62. Rh8 Ra2 63. Rb8 Rb2 64. Rxb2 1-0

[Event "Titled Tue 17th Jun Early"]
[Site "chess.com INT"]
[Date "2025.06.17"]
[Round "2"]
[White "Ivanov, Andrey A."]
[Black "Dudin, Gleb"]
[Result "0-1"]
[WhiteTitle "CM"]
[BlackTitle "GM"]
[WhiteElo "2120"]
[BlackElo "2574"]
[WhiteFideId "2514311"]
[BlackFideId "34184934"]
[EventDate "2025.06.17"]

1. Nf3 c5 2. c4 g6 3. Nc3 Bg7 4. d4 cxd4 5. Nxd4 Nc6 6. e3 Nf6 7. g3 O-O 8. Bg2
d6 9. O-O Bd7 10. b3 a6 11. Bb2 Rc8 12. Rc1 Qa5 13. a3 Bg4 14. Qd2 Qh5 15. Nce2
e5 16. Nxc6 bxc6 17. f3 Bh3 18. Qxd6 Bxg2 19. Kxg2 Rfd8 20. Qb4 Rd3 21. e4 Nxe4
22. Rcd1 Rxd1 23. Rxd1 Ng5 24. Rf1 e4 25. Nf4 exf3+ 26. Kh1 Qg4 27. Bxg7 Kxg7
28. Qc3+ Kg8 29. Qe3 h5 30. Nd3 h4 31. Ne5 Qf5 32. Nxf3 Nxf3 33. Qxf3 Qxf3+ 34.
Rxf3 hxg3 35. hxg3 f5 36. Kg2 Rd8 37. Re3 Kf7 38. Kf3 Rd4 39. a4 Kf6 40. Ke2 g5
41. Re8 a5 42. Ra8 Re4+ 43. Kf3 g4+ 44. Kf2 Rd4 45. Rxa5 Rd3 46. Rc5 Rxb3 47.
Rxc6+ Ke5 48. a5 Rb2+ 49. Kg1 Ke4 50. Rf6 Ra2 51. a6 Ra4 52. c5 Ra5 53. c6 Rxa6
54. c7 Ra1+ 55. Kg2 Ra2+ 56. Kg1 Rc2 57. Re6+ Kf3 58. Rf6 Kxg3 59. Kf1 Rc1+ 60.
Ke2 f4 61. Rd6 f3+ 62. Kd2 Rxc7 63. Rd3 Re7 64. Re3 Rxe3 65. Kxe3 Kg2 0-1

[Event "Titled Tue 17th Jun Early"]
[Site "chess.com INT"]
[Date "2025.06.17"]
[Round "2"]
[White "Parpiev, Isaak"]
[Black "Moldagali, Beksultan"]
[Result "1/2-1/2"]
[WhiteTitle "CM"]
[BlackTitle "FM"]
[WhiteElo "2364"]
[BlackElo "2397"]
[WhiteFideId "34281576"]
[BlackFideId "13734768"]
[EventDate "2025.06.17"]

1. e4 d5 2. exd5 Qxd5 3. Nc3 Qa5 4. d4 Nf6 5. Nf3 Bf5 6. Ne5 c6 7. Bc4 e6 8. g4
Bg6 9. h4 Nbd7 10. Nxd7 Nxd7 11. h5 Be4 12. O-O Bd5 13. Nxd5 cxd5 14. Bd3 Bd6
15. c3 g6 16. h6 O-O 17. f4 Qd8 18. g5 Rb8 19. Qe2 a6 20. a4 Qc7 21. Be3 Qc6 22.
a5 Rbc8 23. Bd2 Nb8 24. Rfc1 Qd7 25. Qf2 Nc6 26. Kg2 Bc7 27. b4 Ne7 28. Qe2 Nf5
29. Rf1 Rfe8 30. Rae1 Bd6 31. Qg4 Qa4 32. Qd1 Qc6 33. Kh3 Qd7 34. Qg4 Qa4 35.
Re2 Qa3 36. Qf3 Rxc3 37. Bxc3 Qxc3 38. Bxf5 Qxf3+ 39. Rxf3 gxf5 40. Rc2 Bxb4 41.
Rc7 Bxa5 42. Rxb7 Bd8 43. Rb8 Kf8 44. Rc3 a5 45. Ra8 Ke7 46. Ra7+ Kf8 47. Rc8
Bb6 48. Rxe8+ Kxe8 49. Ra8+ Ke7 50. Ra6 Bxd4 51. Rxa5 Be3 52. Kg3 Bd4 53. Ra8
Bc3 54. Kf3 Bb2 55. Rb8 Bd4 56. Rb7+ Kf8 57. Rb8+ Ke7 58. Ra8 Bc3 59. Ra7+ Kf8
60. Ra3 Bd4 61. Rd3 Bb2 62. Rb3 Bd4 63. Rb8+ Ke7 1/2-1/2

[Event "Titled Tue 17th Jun Early"]
[Site "chess.com INT"]
[Date "2025.06.17"]
[Round "2"]
[White "Cornelisse, Lorelei"]
[Black "Ai, Evan"]
[Result "1-0"]
[WhiteTitle "WFM"]
[WhiteElo "2138"]
[BlackElo "2188"]
[WhiteFideId "1087177"]
[BlackFideId "2094770"]
[EventDate "2025.06.17"]

1. d4 Nf6 2. Nc3 d5 3. Bf4 e6 4. Nb5 Na6 5. e3 c6 6. Nc3 Bd6 7. Bxd6 Qxd6 8.
Bxa6 bxa6 9. Na4 a5 10. Qd3 Qb4+ 11. Nc3 Ne4 12. Ne2 c5 13. dxc5 Nxc5 14. Qd4
O-O 15. O-O Ba6 16. Rfe1 Rab8 17. Rab1 Rb6 18. Qe5 Nd7 19. Qc7 Rb7 20. Qg3 Rfb8
21. h3 Qe7 22. Nd4 Qc5 23. Na4 Qc4 24. b3 Qc7 25. Qg5 Nf6 26. Rbc1 h6 27. Qh4
Ne4 28. Nb2 Nc3 29. a4 Rb4 30. Nd3 Bxd3 31. cxd3 e5 32. Qg3 Rc8 33. Nf5 Ne2+ 34.
Rxe2 Qxc1+ 35. Kh2 g6 36. Ne7+ Kh7 37. Nxc8 Qxc8 38. Qxe5 Rxb3 39. Qxd5 Rb7 40.
Qe5 Qc1 41. d4 Qd1 42. Ra2 h5 43. d5 Rb1 44. Kg3 Rb4 45. e4 Qb3+ 46. Kh2 Qxa2
47. Qf6 Kg8 48. Qd8+ Kg7 49. e5 Rb6 50. d6 Qe6 51. d7 Rb7 52. Qf6+ Kh7 53. Qxe6
fxe6 54. d8=Q Rf7 55. Qe8 Rxf2 56. Qe7+ Kh6 57. Qxe6 Ra2 58. Qf6 Rxa4 59. h4 Kh7
60. e6 Re4 61. e7 a4 62. Qf7+ Kh6 63. e8=Q Rxe8 64. Qxe8 a3 65. Qh8# 1-0

[Event "Titled Tue 17th Jun Early"]
[Site "chess.com INT"]
[Date "2025.06.17"]
[Round "2"]
[White "Mateus, Martha"]
[Black "Mompel Ferruz, Xavier"]
[Result "0-1"]
[WhiteTitle "WIM"]
[BlackTitle "FM"]
[WhiteElo "1972"]
[BlackElo "2342"]
[WhiteFideId "4401549"]
[BlackFideId "54585775"]
[EventDate "2025.06.17"]

1. d4 d5 2. c4 e6 3. Nc3 Be7 4. Qc2 Nf6 5. cxd5 exd5 6. Bg5 O-O 7. e3 h6 8. Bh4
a6 9. Bd3 b5 10. Nge2 Bb7 11. O-O Nbd7 12. f3 c5 13. Rae1 c4 14. Bf5 Nb6 15. a3
Re8 16. e4 dxe4 17. fxe4 a5 18. e5 Nfd5 19. Bxe7 Qxe7 20. Ng3 b4 21. Nb5 b3 22.
Qf2 Rf8 23. Nd6 Nc8 24. Nxb7 Qxb7 25. Be4 Nce7 26. Nh5 Qb6 27. Nf6+ gxf6 28.
exf6 Qxf6 29. Qxf6 Nxf6 30. Bxa8 Nfd5 31. Bxd5 Nxd5 32. Rf5 Rd8 33. Rc1 a4 34.
Kf2 c3 35. bxc3 Nb6 36. Ra5 Nc4 37. Rxa4 Nb2 38. Rb1 Nxa4 39. Rxb3 Rc8 40. Rb4
Nxc3 41. a4 Nd5 42. Rb5 Nc3 43. Re5 Nxa4 44. Ra5 Nc3 45. Ke3 Re8+ 46. Kd3 Nd1
47. d5 Nf2+ 48. Kd4 Kf8 49. Ra7 Rd8 50. Kc5 Ne4+ 51. Kd4 Nd6 52. Ra6 Ne8 53.
Rxh6 Ke7 54. Ra6 Rb8 55. Ra7+ Kf8 56. g4 Rb4+ 57. Ke5 Rxg4 58. d6 Rg5+ 0-1

[Event "Titled Tue 17th Jun Early"]
[Site "chess.com INT"]
[Date "2025.06.17"]
[Round "2"]
[White "Martic, Ivan SRB"]
[Black "Rosen, Eric"]
[Result "0-1"]
[WhiteTitle "FM"]
[BlackTitle "IM"]
[WhiteElo "2270"]
[BlackElo "2377"]
[WhiteFideId "929301"]
[BlackFideId "2032562"]
[EventDate "2025.06.17"]

1. e4 e6 2. d4 d5 3. e5 Bd7 4. Nf3 a6 5. c4 dxc4 6. Bxc4 Bc6 7. Nc3 Nd7 8. O-O
Nb6 9. Bb3 Ne7 10. Bg5 h6 11. Bh4 g5 12. Bg3 Nf5 13. Re1 Be7 14. Ne4 g4 15. Nfd2
Qxd4 16. Rc1 h5 17. Rxc6 bxc6 18. Qc2 c5 19. Nf6+ Bxf6 20. exf6 O-O-O 21. Ne4 c4
22. Ng5 Nxg3 23. hxg3 cxb3 24. axb3 Qxf6 25. Rc1 Rd7 26. Ne4 Qd4 27. Qc6 Qd5 28.
Qc3 e5 29. Nf6 Qe6 30. Nxd7 Qxd7 31. Qxe5 Re8 32. Qf6 Kb7 33. b4 Re6 34. Qg5 Qd5
35. Qf4 Rd6 36. b5 axb5 37. Qe3 f5 38. Ra1 Qe6 39. Qa3 Kc6 40. Qa7 Kd7 41. Rc1
Rc6 42. Rd1+ Rd6 43. Rc1 Nd5 44. Qb8 Ke7 45. Qxb5 f4 46. gxf4 Nxf4 47. Qg5+ Qf6
48. Re1+ Re6 49. Qc5+ Kf7 50. Rd1 Kg6 51. Qxc7 Ne2+ 52. Kf1 Nf4 53. Qb8 Qf7 54.
Qc8 Rf6 55. Qc2+ Kg7 56. Kg1 Ng6 57. Qc3 h4 58. Re1 Kh7 59. Qc5 g3 60. Qh5+ Kg7
61. f3 Qa7+ 62. Kh1 Qf7 63. Qc5 Rf5 64. Qc3+ Kh7 65. Qc2 h3 66. gxh3 Rxf3 67.
Kg1 Rf2 68. Re5 Rxc2 69. Rh5+ Kg7 70. Rg5 Qf2+ 0-1

[Event "Titled Tue 17th Jun Early"]
[Site "chess.com INT"]
[Date "2025.06.17"]
[Round "2"]
[White "Palczert, Matyas"]
[Black "Beyer, Lorenz"]
[Result "1/2-1/2"]
[WhiteTitle "FM"]
[BlackTitle "CM"]
[WhiteElo "2396"]
[BlackElo "2226"]
[WhiteFideId "784958"]
[BlackFideId "16245393"]
[EventDate "2025.06.17"]

1. b3 d5 2. Bb2 Nf6 3. Nf3 e6 4. e3 Be7 5. c4 O-O 6. Nc3 b6 7. Be2 Bb7 8. O-O
dxc4 9. bxc4 c5 10. d4 cxd4 11. exd4 Nc6 12. Qd2 Rc8 13. Rfd1 Na5 14. Ne5 Qc7
15. Rac1 Qb8 16. Qe3 Nc6 17. Bf3 Rfd8 18. Bxc6 Bxc6 19. d5 Bc5 20. Qg3 exd5 21.
cxd5 Bb7 22. Ne2 Bd6 23. Rxc8 Qxc8 24. Qg5 Qc2 25. Qd2 Qxd2 26. Rxd2 Bb4 27. Rd4
Bc5 28. Rd3 Rxd5 29. Nf4 Rxd3 30. Nfxd3 Bd6 31. Kf1 Bd5 32. a3 Ne4 33. f3 Nc5
34. Nxc5 Bxc5 35. Ke2 f6 36. Nd3 Bc4 37. Kd2 Bd6 38. Kc3 Bxd3 39. Kxd3 Bxh2 40.
Kc4 Kf7 41. Kb5 Ke6 42. Ka6 Kd6 43. Kxa7 Kc6 44. a4 Bg1 45. Ba3 b5+ 46. Ka6 bxa4
47. Ka5 Kd5 48. Kxa4 Bd4 49. Kb3 Ke5 50. Kc2 Kf4 51. Kd3 Be5 52. Ke2 Kg3 53. Kf1
g6 54. Bc5 h5 55. Bf2+ Kf4 56. Ke2 g5 57. g3+ Kf5 58. Kf1 g4 59. Kg2 Bd6 60. Be1
Ke6 61. Bf2 h4 62. fxg4 hxg3 63. Bxg3 Bf8 64. Kf3 Bh6 65. Kg2 Bg5 66. Kh3 Kd5
67. Bh4 Ke4 68. Bxg5 fxg5 69. Kg3 Ke3 70. Kg2 Kf4 71. Kf2 Kxg4 72. Kg2 Kf4 73.
Kf2 Ke4 74. Kg3 Kf5 75. Kf3 Kf6 76. Kg4 Kg6 77. Kg3 Kh5 78. Kh3 g4+ 79. Kg3 Kg5
80. Kg2 Kf5 81. Kg3 Kg5 82. Kg2 Kh4 83. Kh2 g3+ 84. Kg2 Kg4 85. Kg1 Kf3 86. Kf1
g2+ 87. Kg1 Kg3 1/2-1/2

[Event "Titled Tue 17th Jun Early"]
[Site "chess.com INT"]
[Date "2025.06.17"]
[Round "2"]
[White "Guo, Felix"]
[Black "Simonetto, Andrea"]
[Result "1-0"]
[BlackTitle "FM"]
[WhiteElo "2091"]
[BlackElo "2285"]
[WhiteFideId "30997550"]
[BlackFideId "873314"]
[EventDate "2025.06.17"]

1. e4 e5 2. Bc4 Nf6 3. d4 exd4 4. Nf3 Nc6 5. O-O Nxe4 6. Nc3 Nxc3 7. bxc3 d5 8.
Bb5 Be7 9. Bxc6+ bxc6 10. Ne5 O-O 11. Nxc6 Qd6 12. Nxe7+ Qxe7 13. Re1 Qd6 14.
cxd4 Bf5 15. a4 Rfe8 16. Be3 Qg6 17. c3 Be4 18. f3 Bf5 19. Qd2 Re6 20. Bf4 c6
21. Rxe6 Bxe6 22. Re1 h5 23. Qf2 Qf5 24. Bg3 Qd3 25. Qe3 Qxe3+ 26. Rxe3 Rc8 27.
a5 c5 28. Bd6 cxd4 29. cxd4 Rc4 30. Bc5 Ra4 31. Rb3 Rxa5 32. Rb8+ Kh7 33. Rb7 a6
34. h4 g6 35. Kh2 Ra2 36. Bd6 a5 37. Be5 Rc2 38. Ra7 Rc8 39. Rxa5 Re8 40. Ra7
Kg8 41. Kg3 Rc8 42. Kf4 Re8 43. g4 hxg4 44. fxg4 Rc8 45. Kg5 Kh7 46. Rb7 Re8 47.
Rb2 Rc8 48. h5 gxh5 49. Kxh5 Rg8 50. g5 Rg6 51. Rh2 Kg8 52. Rb2 Kh7 53. Kh4 Rg8
54. Rh2 Kg6 55. Rf2 Kh7 56. Rf6 Rg6 57. Rf4 Rg8 58. Rf2 Kg6 59. Rg2 Kf5 60. Rf2+
Ke4 61. Rf4+ Kd3 62. Kh5 Rg6 63. Bf6 Kc4 64. Rf1 Kb5 65. Rb1+ Kc6 66. Rb8 Kd7
67. Rb7+ Kc6 68. Re7 Kd6 69. Kh4 Rg8 70. Kg3 Rg6 71. Kf4 Kc6 72. Ke5 Rg8 73. Ra7
Kb6 74. Re7 Kc6 75. Rxe6+ fxe6 76. Kxe6 Re8+ 77. Kf7 Re1 78. g6 Rg1 79. g7 Kb5
80. g8=Q Rxg8 81. Kxg8 Kc6 82. Kf7 Kd7 83. Be5 1-0

[Event "Titled Tue 17th Jun Early"]
[Site "chess.com INT"]
[Date "2025.06.17"]
[Round "2"]
[White "Lyutsinger, Iren"]
[Black "Jake Shanty"]
[Result "1/2-1/2"]
[WhiteTitle "FM"]
[BlackTitle "FM"]
[WhiteElo "2261"]
[BlackElo "2252"]
[WhiteFideId "34425969"]
[BlackFideId "33478066"]
[EventDate "2025.06.17"]

1. e4 c5 2. Nf3 d6 3. d4 cxd4 4. Nxd4 Nf6 5. Nc3 a6 6. Bg5 e6 7. f4 Be7 8. Qf3
Qc7 9. O-O-O Nbd7 10. g4 h6 11. Bxf6 Bxf6 12. h4 Nb6 13. g5 Bxd4 14. Rxd4 Qc5
15. Qd1 hxg5 16. Rxd6 Ke7 17. e5 gxf4 18. Rh3 Bd7 19. Rhd3 Bc6 20. Qe1 Rad8 21.
b4 Qxb4 22. h5 Qa3+ 23. Kb1 Qb4+ 24. Ka1 Qc5 25. Qh4+ f6 26. exf6+ gxf6 27. Rxd8
Rxd8 28. Qe1 Rxd3 29. Bxd3 Qd4 30. Kb1 Nd5 31. Nxd5+ Bxd5 32. h6 f5 33. Qh4+ Qf6
34. Qh5 Qf7 35. Qh4+ Qf6 36. Qh5 Qf7 37. Qg5+ Qf6 38. Qxf4 Kf7 39. Be2 Kg6 40.
Qh2 Kh7 41. Bh5 Qxh6 42. Qc7+ Qg7 43. Qf4 Qg1+ 44. Kb2 Qg7+ 45. Kb1 Qf6 46. Qc7+
Kh6 47. Be2 Qh4 48. Bd3 Qb4+ 49. Kc1 Qe1+ 50. Kb2 Kg5 51. Qg7+ Kf4 52. Qh6+ Kg3
53. Qg5+ Kh2 54. Qf4+ Qg3 55. Qh6+ Kg1 56. Qc1+ Kh2 57. Qh6+ Qh3 58. Qf4+ Kh1
59. Qd2 Qg2 60. Qh6+ Kg1 61. Qc1+ Kf2 62. Qd2+ Kg3 63. Qg5+ Kh2 64. Qh6+ Qh3 65.
Qf4+ Qg3 66. Qh6+ 1/2-1/2

[Event "Titled Tue 17th Jun Early"]
[Site "chess.com INT"]
[Date "2025.06.17"]
[Round "2"]
[White "Mekhitarian, Krikor Sevag"]
[Black "Veleshnja, Zino"]
[Result "0-1"]
[WhiteTitle "GM"]
[BlackTitle "FM"]
[WhiteElo "2564"]
[BlackElo "2245"]
[WhiteFideId "2107660"]
[BlackFideId "4701313"]
[EventDate "2025.06.17"]

1. Nf3 Nf6 2. c4 g6 3. Nc3 Bg7 4. e4 d6 5. d4 O-O 6. h3 Nbd7 7. e5 Ne8 8. exd6
cxd6 9. Be2 b6 10. O-O Bb7 11. Re1 Nef6 12. Bf1 Rc8 13. Bf4 Re8 14. d5 a5 15.
Rc1 Nc5 16. b3 Rb8 17. Qd2 Bc8 18. Nd4 Bd7 19. g4 h5 20. g5 Nh7 21. Bg2 Qc8 22.
Kh2 Nf8 23. Bg3 Nh7 24. h4 Bf5 25. Re3 e5 26. dxe6 Nxe6 27. Nxf5 gxf5 28. f4
Nhf8 29. Nd5 Ng6 30. Rce1 Qc5 31. Bh3 b5 32. Bxf5 bxc4 33. Rc1 c3 34. Rexc3 Bxc3
35. Rxc3 Qd4 36. Rd3 Qa1 37. Nf6+ Kg7 38. Nxh5+ Kh8 39. Nf6 Rec8 40. h5 Qb1 41.
Re3 Qxf5 42. hxg6 Rc2 43. Qxc2 Qxc2+ 44. Kh3 Qf5+ 45. Kg2 fxg6 46. Ng4 Rc8 47.
Nh6 Rc2+ 48. Kg1 Qc5 49. Bf2 Rxf2 50. Kxf2 Nxf4 51. Kf3 Ne6 52. Rxe6 Qxg5 53.
Re4 Qxh6 54. Kg3 Qg5+ 55. Rg4 Qe5+ 56. Kf3 Kg7 57. Re4 Qf5+ 58. Ke3 Qc5+ 59. Kd3
g5 60. a3 Qf5 61. b4 g4 62. bxa5 g3 63. Kd4 Qxe4+ 0-1

[Event "Titled Tue 17th Jun Early"]
[Site "chess.com INT"]
[Date "2025.06.17"]
[Round "2"]
[White "Shahinyan, Vladimir"]
[Black "Kjaergaard-Jensen, Jesper"]
[Result "0-1"]
[WhiteTitle "CM"]
[BlackTitle "CM"]
[WhiteElo "2202"]
[BlackElo "2081"]
[WhiteFideId "13314599"]
[BlackFideId "1406990"]
[EventDate "2025.06.17"]

1. Nf3 Nf6 2. d4 d5 3. g3 c6 4. Bg2 Bf5 5. O-O Nbd7 6. c4 dxc4 7. Na3 Nb6 8. Ne5
Be4 9. Bxe4 Nxe4 10. Naxc4 Nxc4 11. Nxc4 e6 12. Qb3 b6 13. Rd1 Be7 14. Qf3 Qd5
15. Ne3 Ng5 16. Qg4 Qe4 17. h4 h5 18. Qxe4 Nxe4 19. Nc4 c5 20. d5 O-O-O 21. Ne5
Rxd5 22. Rxd5 exd5 23. Kg2 Bf6 24. Nd3 Nd6 25. Nf4 d4 26. Nd5 Kd7 27. Nxf6+ gxf6
28. e3 d3 29. Bd2 Ne4 30. Rd1 Kc6 31. Be1 d2 32. Rxd2 Nxd2 33. Bxd2 Rd8 34. Bc3
f5 35. Kf3 b5 36. Kf4 b4 37. Bf6 Rd2 38. Kxf5 Rxf2+ 39. Kg5 Kd5 40. Bg7 Ke4 41.
Kxh5 Kxe3 42. Kg5 Kf3 43. g4 Ke4 44. h5 c4 45. h6 Rh2 46. Bf6 a5 47. Bg7 a4 48.
Kf6 c3 49. bxc3 bxc3 50. Kxf7 c2 51. Bb2 Rxh6 52. g5 Rb6 53. Bc1 Rb1 54. Bd2 Rd1
55. Bc1 Rxc1 56. g6 Rg1 57. g7 Rxg7+ 58. Kf8 c1=Q 59. Kxg7 Qa3 60. Kf7 Qxa2+ 61.
Kf6 Qb3 62. Ke7 a3 63. Kd7 a2 64. Kd6 a1=Q 65. Kc5 Qaa4 66. Kd6 Qbb5 67. Kc7
Qaa6 68. Kd8 Qbb7 69. Ke8 Qaa8# 0-1